H2O just add water episodes - Statistics

General Stats
  • This quiz has been taken 64 times
  • The average score is 26 of 77
Answer Stats
season Ep Title % Correct
1 Metamorphosis
76%
Pool party
59%
Graduation
56%
parts 1 and 2 The Gracie code
51%
Hurricane Angela
46%
Moon spell
46%
Party Girls
44%
2 Stormy Weather
44%
The Denman affair
44%
Young love
44%
the Siren effect
41%
under the weather
41%
Bad Moon Rising
39%
catch of the day
39%
Dr Danger
39%
Something Fishy
39%
and then there were four
37%
A Twist in the tail
37%
fish fever
37%
Fish out of Water
37%
hook, line and sinker
37%
Red Herring
37%
Sea Change
37%
Surprise
37%
Valentines day
37%
beach party
34%
Control
34%
Dangerous Waters
34%
Hocus Pocus
34%
The Big Chill
34%
The one that got away
34%
Three's company
34%
Double trouble
32%
in hot water
32%
in over our heads
32%
in too deep
32%
lovesick
32%
pressure cooker
32%
Queen for a day
32%
Shipwrecked
32%
Sink or swim
32%
3 The Awakening
32%
the Camera never Lies
32%
Too Close for comfort
32%
wrong side of the tracks
32%
Bubble bubble toil and trouble
29%
Crime and punishment
29%
Fire and ice
29%
Kidnapped
29%
missed the boat
29%
Reckless
29%
Revealed
29%
riding for a fall
29%
Unfathomable
29%
Breakaway
27%
Happy Families
27%
irresistible
27%
Jungle Hunt
27%
Keep your enemies close
27%
Love potion #9
27%
Moonstruck
27%
Moonwalker
27%
Secrets and lies
27%
A Date with destiny
24%
A Magnetic Attraction
24%
Big Ideas
24%
Into the light
24%
Just a girl at heart
24%
Mako masters
24%
power Play
24%
The Dark Side
24%
The heat is on
24%
The Sorcerer's apprentice
24%
to have and to hold
24%
Mermaid Magic
22%
The Jewel Thief
22%
Get off my trail
7%
No matching quizzes found
Score Distribution
Percent of People with Each Score
Percentile by Number Answered
Your Score History
You have not taken this quiz